Basic business statistics concepts and applications

Salvato in:
Dettagli Bibliografici
Autore principale: Berenson, Mark L.
Altri autori: Levine, David M., Szabat, Kathryn A.
Natura: Libro
Lingua:inglese
Pubblicazione: Boston Pearson 2015
Edizione:13th global ed.
Serie:Always learning
Soggetti:
Tags: Aggiungi Tag
Nessun Tag, puoi essere il primo ad aggiungerne!!

MARC

LEADER 00000nam a2200000 4500
001 0213097
005 20240306140204.5
020 |a 978-1-292-06902-9 
020 |a 1-292-06902-3 
020 |a 978-0-321-87002-5 
041 0 |a eng 
044 |a US 
245 1 0 |a Basic business statistics  |b concepts and applications  |c Mark L. Berenson, David M. Levine, Kathryn A. Szabat 
250 |a 13th global ed. 
264 1 |a Boston  |b Pearson  |c 2015 
300 |a 840 s.  |e príl. 
490 1 |a Always learning 
830 0 |a Always learning 
610 2 0 |a štatistika podniková 
610 2 0 |a dáta 
610 2 0 |a zber dát 
610 2 0 |a údaje štatistické 
610 2 0 |a pravdepodobnosť 
610 2 0 |a testovanie hypotéz 
610 2 0 |a regresia 
610 2 0 |a riadenie kvality 
610 2 0 |a rozhodovanie 
100 1 |a Berenson, Mark L. 
700 1 |a Levine, David M. 
700 1 |a Szabat, Kathryn A.